| 000 | 01212nas a2200397 4500 | ||
|---|---|---|---|
| 001 | BR0400010 | ||
| 003 | BR-BrBNA | ||
| 005 | 20231205104235.0 | ||
| 007 | ta | ||
| 008 | 230509b bl.|||p| |||| 00| 00por d | ||
| 040 |
_aBR-BrBNA _bpor _cBiblioteca Nacional de Agricultura |
||
| 041 | _a(Pt) | ||
| 072 | _aL51; Q54 | ||
| 100 | 1 | _aCampos, W.E. | |
| 100 | 1 | _aSaturnino, H.M. | |
| 100 | 1 | _aSouza, B.M. | |
| 100 | 1 | _aGonçalves, L.C. | |
| 100 | 1 | _aBorges, I. | |
| 100 | 1 | _aRodrigues, J.A.S. | |
| 100 | 1 | _aCarvalho, A.U. | |
| 100 | 1 | _aFerreirra, P.M. | |
| 245 | 1 | _aDegradabilidade in situ da silagem de quatro genótipos de sorgo com e sem tanino; 2: fibra detergente neutro, fibra detergente ácido, hemicelulose e celulose | |
| 650 | _aBOVINO | ||
| 650 | _aSORGO | ||
| 650 | _aSILAGEM | ||
| 650 | _aDIGESTIBILIDADE IN VITRO | ||
| 650 | _aFIBRA | ||
| 650 | _aCELULOSE | ||
| 650 | _aHEMICELULOSE | ||
| 650 | _aGENÓTIPO | ||
| 650 | _aTANINO | ||
| 650 | _aVALOR NUTRITIVO | ||
| 773 | 0 |
_tArquivo Brasileiro de Medicina Veterinária e Zootecnia (Brazil) _xISSN 0102-0935 _g(Aug-2003), v. 55(4) p. 450-453 _wBR0400010 |
|
| 909 |
_a202311 _bLúcia _c55 _dLúcia Elande |
||
| 942 |
_2AGRIS _n0 _cANA |
||
| 999 |
_c177109 _d177109 |
||